Polsko: jak z hospodářské stagnace?

Negatíva a pozitíva poľskej ekonomickej reformy. Nepomer v dopyte a ponuke, v prebytku peňažného dopytu nad výrobnými možnosťami krajiny. Veľký pokles výroby a zamestnanosti. Stagnácia rozvoja ekonomiky a potreba realizácie radikálnej ekonomickej reformy a zavedenia atribútov trhovej ekonomiky.

Guardado en:
Detalles Bibliográficos
Autor principal: Urban, Luděk
Formato: Capítulo de libro
Lenguaje:checo
Materias:
Etiquetas: Agregar Etiqueta
Sin Etiquetas, Sea el primero en etiquetar este registro!

MARC

LEADER 00000naa a2200000 4500
001 r003497
005 20220819181029.3
041 0 |a cze 
044 |a [CS] 
245 1 0 |a Polsko: jak z hospodářské stagnace?  |c Luděk Urban 
520 |a Negatíva a pozitíva poľskej ekonomickej reformy. Nepomer v dopyte a ponuke, v prebytku peňažného dopytu nad výrobnými možnosťami krajiny. Veľký pokles výroby a zamestnanosti. Stagnácia rozvoja ekonomiky a potreba realizácie radikálnej ekonomickej reformy a zavedenia atribútov trhovej ekonomiky. 
610 2 0 |a reformy hospodárske 
610 2 0 |a PR 
610 2 0 |a dopyt 
610 2 0 |a ponuka 
610 2 0 |a zamestnanosť 
610 2 0 |a bariéry rastu hospodárskeho 
610 2 0 |a hospodárstvo trhové 
100 1 |a Urban, Luděk